000 00677nam a2200289Ia 4500
005 20260324131528.0
008 008 260324s9999 xx 000 0 eng d
020 _a9780203696866
037 _aEBOOK
040 _aCRL
040 _beng
040 _cCRL
041 _2eng
041 _aeng
084 _qCRL
100 _aNigel West
_91185846
245 0 _aMask
245 0 _bMI5's Penetration of the Communist Party of Great Britain
260 _bTaylor and Francis
260 _c2006
365 _a
365 _b230
856 _uhttp://www.taylorfrancis.com/books/9780203696866
942 _cEBOOK
999 _c1783104
_d1783104